Noem 30 badplaatsen aan de Noordzee kust NL - Statistieken

Algemene statistieken
  • Deze quiz is 20 keer genomen
  • De gemiddelde score is 12 van 30
Antwoordstatistieken
Antwoord % Correct
Noordwijk
87%
Scheveningen
87%
Den Helder
73%
Zandvoort
67%
Domburg
60%
Hoek van Holland
60%
IJmuiden
60%
Katwijk aan Zee
60%
Bergen aan Zee
53%
Renesse
53%
Cadzand
47%
Egmond aan Zee
47%
Schoorl
40%
Wijk aan Zee
40%
Zoutelande
40%
De Koog
33%
Petten
33%
Vlissingen
33%
Westkapelle
33%
Bloemendaal aan Zee
27%
Castricum aan Zee
27%
Kijkduin
27%
Burgh-Haamstede
20%
Callantsoog
20%
Nieuwvliet
20%
Ouddorp
20%
Julianadorp aan Zee
13%
Vrouwenpolder
13%
Terheide
0%
Westenschouwen
0%
Geen overeenkomende quizzen gevonden
Scoreverdeling
Procent van Mensen met Elke Score
Percentiel versus Aantal Correcte Antwoorden
Uw Scoregeschiedenis
U heeft deze quiz nog niet genomen